<?xml version="1.0" encoding="UTF-8"?>
<record
    xmlns:xsi="http://www.w3.org/2001/XMLSchema-instance"
    xsi:schemaLocation="http://www.loc.gov/MARC21/slim http://www.loc.gov/standards/marcxml/schema/MARC21slim.xsd"
    xmlns="http://www.loc.gov/MARC21/slim">

  <leader>00810nam a22002297a 4500</leader>
  <datafield tag="999" ind1=" " ind2=" ">
    <subfield code="c">20234</subfield>
    <subfield code="d">20234</subfield>
  </datafield>
  <controlfield tag="005">20180608162250.0</controlfield>
  <controlfield tag="008">180608b2016    ck o||||r|||| 00| 0 spa d</controlfield>
  <datafield tag="020" ind1=" " ind2=" ">
    <subfield code="a">9789584695307</subfield>
  </datafield>
  <datafield tag="040" ind1=" " ind2=" ">
    <subfield code="a">CO-BoIAVH </subfield>
    <subfield code="c">CO-BoIAVH </subfield>
  </datafield>
  <datafield tag="041" ind1=" " ind2=" ">
    <subfield code="a">spa</subfield>
  </datafield>
  <datafield tag="044" ind1=" " ind2=" ">
    <subfield code="a">ck</subfield>
  </datafield>
  <datafield tag="082" ind1="1" ind2="4">
    <subfield code="a">306.08986</subfield>
    <subfield code="b">A97r</subfield>
  </datafield>
  <datafield tag="100" ind1="1" ind2=" ">
    <subfield code="a">Ayala Santos, Ana Gilma</subfield>
    <subfield code="e">autora</subfield>
  </datafield>
  <datafield tag="245" ind1="1" ind2="0">
    <subfield code="a">Referentes culturales de espiritualidad negra, chocoana y/o afrochocoana</subfield>
  </datafield>
  <datafield tag="260" ind1=" " ind2=" ">
    <subfield code="a">Quibd&#xF3;:</subfield>
    <subfield code="b">Instituto de Investigaciones Ambientales del Pac&#xED;fico; </subfield>
    <subfield code="b">Fundaci&#xF3;n Fiestas Franciscanas de Quibd&#xF3;, </subfield>
    <subfield code="c">2016.</subfield>
  </datafield>
  <datafield tag="300" ind1=" " ind2=" ">
    <subfield code="a">205 p&#xE1;ginas, </subfield>
    <subfield code="c">17x24 cm.</subfield>
  </datafield>
  <datafield tag="490" ind1=" " ind2=" ">
    <subfield code="a">Mis ancestros</subfield>
  </datafield>
  <datafield tag="650" ind1="1" ind2="4">
    <subfield code="a">Investigaci&#xF3;n acci&#xF3;n participativa</subfield>
  </datafield>
  <datafield tag="650" ind1="1" ind2="4">
    <subfield code="a">Cultura y religi&#xF3;n</subfield>
  </datafield>
  <datafield tag="650" ind1="1" ind2="4">
    <subfield code="a">Afrodescendientes</subfield>
    <subfield code="z">Colombia</subfield>
  </datafield>
  <datafield tag="942" ind1=" " ind2=" ">
    <subfield code="2">ddc</subfield>
    <subfield code="c">LIBRO</subfield>
  </datafield>
  <datafield tag="952" ind1=" " ind2=" ">
    <subfield code="0">0</subfield>
    <subfield code="1">0</subfield>
    <subfield code="2">ddc</subfield>
    <subfield code="4">0</subfield>
    <subfield code="7">0</subfield>
    <subfield code="8">GENERAL</subfield>
    <subfield code="a">Bogota</subfield>
    <subfield code="b">Bogota</subfield>
    <subfield code="d">2018-06-08</subfield>
    <subfield code="e">Instituto</subfield>
    <subfield code="g">30000.00</subfield>
    <subfield code="l">2</subfield>
    <subfield code="m">1</subfield>
    <subfield code="o">LB-306.08986 A97r</subfield>
    <subfield code="p">043564</subfield>
    <subfield code="r">2020-02-11 00:00:00</subfield>
    <subfield code="s">2020-01-30</subfield>
    <subfield code="t">Ej. 1</subfield>
    <subfield code="w">2018-06-08</subfield>
    <subfield code="x">Canje</subfield>
    <subfield code="y">LIBRO</subfield>
  </datafield>
  <datafield tag="952" ind1=" " ind2=" ">
    <subfield code="0">0</subfield>
    <subfield code="1">0</subfield>
    <subfield code="2">ddc</subfield>
    <subfield code="4">0</subfield>
    <subfield code="7">0</subfield>
    <subfield code="8">GENERAL</subfield>
    <subfield code="a">Bogota</subfield>
    <subfield code="b">Bogota</subfield>
    <subfield code="d">2019-10-28</subfield>
    <subfield code="l">1</subfield>
    <subfield code="o">LB-306.08986 A97r</subfield>
    <subfield code="p">043638</subfield>
    <subfield code="r">2020-01-27 00:00:00</subfield>
    <subfield code="s">2020-01-27</subfield>
    <subfield code="t">Ej.2</subfield>
    <subfield code="w">2019-10-28</subfield>
    <subfield code="x">Canje</subfield>
    <subfield code="y">LIBRO</subfield>
  </datafield>
</record>
